Datum a čas kvízu

27.5 Celkem bodů Celkový počet nahraných bodů na tomto kvízu bez doplňovacích otázek.
8. Pořadí na kvízu Konečné umístění týmu na tomto kvízu.

Zaznamenané odpovědi

# Otázka Odpověď Body Výsledky
1. Jistá česká osobnost získala m... Václav Havel 1
2. Slovensko míří k výrazné polit... Igor Matovič 1
3. V pátek byly v Paříži uděleny... Roman Polański 0
4. Britský maloobchodní řetězec T... mají různé odstíny podle barev pleti 0
5. Český profesionální cyklista p... Leopold König 1
6. Peníze máme v ruce každý den,... Česká národní banka 1
7. Které dvě osobnosti mají jméno... D 0
8. Celkem kolikrát je na obou str... čtyřikrát 0
9. Kolik Kč činí nominální hodnot... 2 000 Kč 1
10. Které z mincí o hodnotě 1 až 5... všechny 0